| 000 | 00369nam a2200157Ia 4500 | ||
|---|---|---|---|
| 008 | 221030s9999 xx 000 0 und d | ||
| 020 | _a0070435391 | ||
| 041 | _aEnglish | ||
| 082 |
_a105.23 _bTar |
||
| 100 | _aTara Chand | ||
| 245 | 0 | _aGeneral Studies Manual 2001 | |
| 260 |
_bMcGraw Hill Pub. _aNew Delhi _c2001 |
||
| 300 | _a111 | ||
| 650 | _aGeneral | ||
| 942 | _cBK | ||
| 999 |
_c7349 _d7349 |
||